<?xml version="1.0" encoding="UTF-8"?>
<record
    xmlns:xsi="http://www.w3.org/2001/XMLSchema-instance"
    xsi:schemaLocation="http://www.loc.gov/MARC21/slim http://www.loc.gov/standards/marcxml/schema/MARC21slim.xsd"
    xmlns="http://www.loc.gov/MARC21/slim">

  <leader>00466nam a2200169Ia 4500</leader>
  <controlfield tag="008">230612s9999    xx            000 0 und d</controlfield>
  <datafield tag="041" ind1=" " ind2=" ">
    <subfield code="a">eng</subfield>
  </datafield>
  <datafield tag="082" ind1=" " ind2=" ">
    <subfield code="a">621.38 KAP</subfield>
  </datafield>
  <datafield tag="100" ind1=" " ind2=" ">
    <subfield code="a">Kapoor A.</subfield>
    <subfield code="9">108932</subfield>
  </datafield>
  <datafield tag="245" ind1=" " ind2=" ">
    <subfield code="a">Digital Electronics</subfield>
    <subfield code="b">Principles And Applications</subfield>
  </datafield>
  <datafield tag="260" ind1=" " ind2=" ">
    <subfield code="c">1992</subfield>
    <subfield code="b">Macmillan</subfield>
  </datafield>
  <datafield tag="300" ind1=" " ind2=" ">
    <subfield code="a">297</subfield>
  </datafield>
  <datafield tag="365" ind1=" " ind2=" ">
    <subfield code="c">Rs.</subfield>
    <subfield code="b">88.00</subfield>
  </datafield>
  <datafield tag="700" ind1=" " ind2=" ">
    <subfield code="a">Kapoor A. &amp; Maheshwari L.K.</subfield>
    <subfield code="9">184730</subfield>
  </datafield>
  <datafield tag="906" ind1=" " ind2=" ">
    <subfield code="d">B:660614-Jan-1993</subfield>
    <subfield code="c">ETC </subfield>
    <subfield code="b">13.2</subfield>
  </datafield>
  <datafield tag="999" ind1=" " ind2=" ">
    <subfield code="c">165830</subfield>
    <subfield code="d">165830</subfield>
  </datafield>
  <datafield tag="952" ind1=" " ind2=" ">
    <subfield code="0">0</subfield>
    <subfield code="1">0</subfield>
    <subfield code="4">0</subfield>
    <subfield code="7">0</subfield>
    <subfield code="a">CCEP</subfield>
    <subfield code="b">CCEP</subfield>
    <subfield code="d">1993-01-19</subfield>
    <subfield code="e">Varma Book Distributors</subfield>
    <subfield code="f">ETC </subfield>
    <subfield code="g">74.80</subfield>
    <subfield code="i">6606</subfield>
    <subfield code="l">0</subfield>
    <subfield code="o">621.38 KAP</subfield>
    <subfield code="p">CCEP-BK-1548</subfield>
    <subfield code="r">2023-06-12 00:00:00</subfield>
    <subfield code="t">13.2</subfield>
    <subfield code="v">88.00</subfield>
    <subfield code="w">1993-01-14</subfield>
    <subfield code="y">BK</subfield>
    <subfield code="z">001548</subfield>
  </datafield>
</record>
